00764 2200277 4500001002100000005001500021035002000036007000300056040001700059100002800076245009100104300003000195020001800225041000800243082000800251084001600259090002100275264003000296336002100326337003000347338002300377650002300400850001000423008004100433250001200474INLIS00000000000672520260411083625 a0010-0622000060ta aSBPUPADbind0 aArya PrayogiePengarang1 aMendapatkan Nilai Terbaik Biologi di Ulangan dan Semesteran :bKelas 1 /cAryo Prayogi a90 hlm. :bilus. ;c16 cm a602-7909-16-10 aind a510 a510 PRA m/1 a510 PRA m/1 17-1 a.--Jakarta :bKTSP,c2013 2rdacontentaTeks 2rdamediaaTanpa Perantara 2rdacarrieravolume 4aBahan Ajar Biologi aPUPAD260411 0  a.-cet.1